000 01010nam a2200229Ia 4500
999 _c37477
_d37477
001 3439
003 GE_BSU
005 20190617152743.0
008 181216s2009||||ge |||||||||||||| ||geo||
020 _a99928434908
040 _cGE_BSU
041 _ageo
080 _a634.33(479.223) კ–73
100 _aკონცელიძე, გული
_92526
245 _aლიმონ მეიერის გამორჩეული ფორმების შესწავლა აჭარის პირობებში /
_cგული კონცელიძე ; რედ. რეზო ჯაბნიძე.
264 _aბათუმი,
_c2009
300 _a97 გვ.;
_b20 სმ.
653 _aსუბტროპიკული კულტურები
653 _aლიმონის ფორმების შესწავლა აჭარაში
700 _aჯაბნიძე, რეზო
_eრედაქტორი
_92484
942 _cBK
_2udc